| 000 | 02743nam a2200361 i 4500 | ||
|---|---|---|---|
| 001 | ssj0002544193 | ||
| 003 | EG-ScBUE | ||
| 005 | 20260405095503.0 | ||
| 008 | 211120s2022 nyua f b 001 0 eng d | ||
| 020 | _z9780367766146 | ||
| 040 |
_aDLC _beng _erda _cDLC _dDLC _dWaSeSS _dEG-ScBUE |
||
| 082 | 0 | 4 |
_a777.7 _222 _bKIN |
| 100 | 1 |
_aKinder, Bill _c(Film editor) _eauthor. |
|
| 245 | 1 | 0 |
_aMaking the cut at Pixar : _bthe art of editing animation / _cBill Kinder and Bobbie O'Steen. |
| 264 | 1 |
_aNew York ; _aAbingdon, Oxon : _bRoutledge, _c2022. |
|
| 300 |
_aix, 244 pages : _billustrations ; _c20 cm |
||
| 336 |
_2rdacontent _atext _btxt |
||
| 337 |
_2rdamedia _aunmediated _bn |
||
| 338 |
_2rdacarrier _avolume _bnc |
||
| 500 | _a"A Focal Press book." | ||
| 504 | _aIncludes bibliographical references and index. | ||
| 505 | 0 | _aIntroduction. Reframing the editor -- The hub of the wheel : the setup -- "Story, story, story..." : edi-storial -- Conducting a concerto : sound -- Edit first, shoot later : layout -- Cutting Jell-O : workplace challenges -- Out of the Galápagos : editors and technology adapt -- Afterword. Why does it matter? | |
| 506 | _aAvailable on campus and off campus with authorized login. | ||
| 520 |
_a"Join industry experts Bill Kinder and Bobbie O'Steen as they guide readers on a journey through every stage of production on an animated film, from storyboards to virtual cameras to final animation. With unprecedented access to the Pixar edit suite, this authoritative project highlights the central role film editors play in some of the most critically acclaimed and commercially successful movies of all time. The animation editor's key contributions emerge through exclusive interviews with Pixar editors, as well as directors, producers, and creative heads. Case studies of never-before-seen works in progress reveal the editor's profound responsibility to a film's audience. In addition to exploring method and craft, this book provides important context for the editor in film history, the evolution of technology, and Pixar's uniquely collaborative studio culture. A must-read for students of digital filmmaking methods, filmmakers in all aspects of production, and fans of Pixar movies. This uniquely educational, historical, and entertaining book sheds light on how beloved stories are crafted from the perspective of crucial members of the filmmaking team"-- _cProvided by publisher. |
||
| 610 | 2 | 7 |
_aPixar (Firm) _2BUEsh |
| 650 | 7 |
_aComputer animation. _2BUEsh |
|
| 650 | 7 |
_aMotion pictures _xEditing. _2BUEsh |
|
| 650 | 7 |
_aAnimated films _xProduction and direction. _2BUEsh |
|
| 653 |
_cApril2026 _bART |
||
| 655 | _vReading book | ||
| 700 | 1 |
_aO'Steen, Bobbie, _d1952- _eauthor. |
|
| 942 |
_2ddc _cBB |
||
| 999 |
_c31153 _d31124 |
||